Soprannomi squadre di calcio straniere - Statistics

Statistiche generali
  • Questo quiz è stato fatto 159 volte
    156 dall'ultimo reset
  • Il punteggio medio è 11 su 22
Statistiche sulle risposte
Soprannome Squadra % Corretto
Blaugrana FC Barcelona
98%
The Blues Chelsea Football Club
86%
Les Parisiens (i parigini) Paris Saint-Germain FC
86%
Der Bayerische Riese (Il Gigante Bavarese) FC Bayern München
83%
The Red Devils (I Diavoli Rossi) Manchester United
83%
The Gunners (I Mitraglieri) Arsenal FC
79%
Los Colchoneros (I Materassai) Club Atlético de Madrid
75%
Los Merengues (Le Meringhe) Real Madrid CF
68%
Sky Blues (i Celesti) Manchester City
65%
Foxes (Le Volpi) Leicester City FC
64%
Os Dragões (i Draghi) FC Porto
61%
Železná Sparta ("Sparta di Ferro") AC Sparta Praha
54%
The Magpies (Le Gazze) Newcastle United FC
50%
Les Olympiens (Gli Olimpici) Olympique de Marseille
47%
біло-сині (Bianco-blu) FK Dynamo Kyïv
25%
Águias (Aquile) SL Benfica
17%
Pillendreher (I Prendipillole) Bayer 04 Leverkusen
14%
Godenzonen (Figli degli Dei) AFC Ajax
11%
Trifylli (Trifoglio) Panathīnaïkos A.O.
9%
Palanganas (Lavandini) Sevilla FC
6%
The Bhoys (I Ragazzi) Celtic FC
5%
Aslanlar (Leoni) Galatasaray SK
4%
Nessun quiz corrispondente trovato
Distribuzione punteggi
Percentuale di utenti per punteggio
Percentile per numero di risposta
I tuoi punteggi nel tempo
Non hai fatto questo quiz dall'ultimo reset